| 000 | 00666nam a22002057a 4500 | ||
|---|---|---|---|
| 999 |
_c19481 _d19481 |
||
| 003 | AR-CdUCM | ||
| 008 | 190517b ||||| |||| 00| 0 spa d | ||
| 040 |
_aMUNICIPALIDAD PROVINCIAL DEL CUSCO _cBIBLIOTECA MUNICIPAL DEL CUSCO |
||
| 082 |
_a082 / _bD88 |
||
| 100 |
_aDomenech, J. M. Thomas _940834 |
||
| 245 | _aAtlas de las razas humanas / | ||
| 300 |
_a50 paginas ; _bIlustraciones, graficos, dibujos, fotos, laminas, _c20.5 cm. |
||
| 500 | _aAtlas de las razas humanas | ||
| 650 |
_aRazas _96935 |
||
| 650 |
_aHumanas _936304 |
||
| 650 |
_aAtlas _93723 |
||
| 700 |
_aPadilla Bolivar, A ( coautor ) _940835 |
||
| 942 |
_2ddc _cLIBROS |
||
| 945 |
_apjha _d2019-05-17 |
||